Statistics for Biggest City by Region #2

Click here to take the quiz!

General Stats

  • This quiz has been taken 9,103 times
    (8,917 since last reset)
  • The average score is 14 of 24

Answer Stats

Region City % Correct
KoreaSeoul
92%
QuebecMontreal
89%
AfricaCairo
88%
EurozoneParis
83%
South AmericaSão Paulo
76%
New South WalesSydney
74%
TuscanyFlorence
73%
Mississippi River DeltaNew Orleans
70%
Pacific NorthwestSeattle
66%
Malay PeninsulaKuala Lumpur
66%
Former YugoslaviaBelgrade
65%
HispaniolaSanto Domingo
51%
Horn of AfricaAddis Ababa
51%
Gulf of Mexico CoastHouston
50%
Po ValleyMilan
47%
Côte d'AzurNice
45%
PolynesiaAuckland
43%
Baja CaliforniaTijuana
41%
Balkan PeninsulaIstanbul
39%
Vancouver IslandVictoria
38%
ZealandCopenhagen
36%
Persian Gulf CoastKuwait City
34%
CaucasusBaku
34%
MelanesiaPort Moresby
16%

Score Distribution

Percentile by Number Answered

Percent of People with Each Score

Your Score History

You have not taken this quiz since the last reset